000 00295 a2200109 4500
001 ART_6179
005 20260410161825.0
008 260409a
245 1 0 _aEl camino del peregrino
100 1 _aEstrella, Jorge Raúl
773 0 _tFACES
_g- Año 1, Nº 1 (jun 1995)
_wREV5046
999 _c22712
_d22712